| 000 | 00524nam a2200193Ia 4500 | ||
|---|---|---|---|
| 003 | GCL | ||
| 008 | 140319s9999 xx 000 0 eng d | ||
| 040 |
_aGCL / _cGCL |
||
| 082 | 0 | 4 |
_a621.8 _bM A |
| 100 | 1 | _aM. AKYURT | |
| 245 | 1 | 0 |
_aANALYSIS OF MECHANICSMS AND MACHINERY / _cM. AKYURT |
| 260 |
_aالرياض : _bKING ABDULAZIZ UNIVERSITY ، _c1992 |
||
| 300 |
_a24 CM ؛ _c582 P |
||
| 650 | 0 | 4 | _aAUTOMATIC CONTROL |
| 650 | 0 | 4 | _aMACHINERY |
| 650 | 0 | 4 | _aMANUFACTURING |
| 650 | 0 | 4 | _aMACHINERY - INDUSTRY |
| 942 |
_2ddc _cBK |
||
| 999 |
_c7062 _d7062 |
||